System Architecture for Interoperability between OWL and FIPA ACL (Record no. 9235)
[ view plain ]
| 000 -LEADER | |
|---|---|
| fixed length control field | 00513 a2200133 4500 |
| 082 ## - DEWEY DECIMAL CLASSIFICATION NUMBER | |
| Classification number | MIT-5 |
| 100 ## - MAIN ENTRY--PERSONAL NAME | |
| Personal name | Maruf Pasha |
| 9 (RLIN) | 99044 |
| 245 ## - TITLE STATEMENT | |
| Title | System Architecture for Interoperability between OWL and FIPA ACL |
| Statement of responsibility, etc. | Maruf Pasha |
| 260 ## - PUBLICATION, DISTRIBUTION, ETC. | |
| Place of publication, distribution, etc. | Isalamabad, |
| Name of publisher, distributor, etc. | NUST School of Electrical Engineering & Computer Science, |
| Date of publication, distribution, etc. | 2006. |
| 300 ## - PHYSICAL DESCRIPTION | |
| Extent | 59 p. : |
| Other physical details | ill. ; |
| Dimensions | 27 cm. |
| 500 ## - GENERAL NOTE | |
| General note | Supervisors : Dr. Hafiz Farooq Ahmad, Dr. Arshad Ali. |
| 856 ## - ELECTRONIC LOCATION AND ACCESS | |
| Uniform Resource Identifier | <a href="http://10.250.8.41:8080/xmlui/handle/123456789/30219">http://10.250.8.41:8080/xmlui/handle/123456789/30219</a> |
| 942 ## - ADDED ENTRY ELEMENTS (KOHA) | |
| Koha item type | Project Report |
| Call number prefix | MIT-5 MAR |
| Source of classification or shelving scheme | |
| Withdrawn status | Lost status | Damaged status | Not for loan | Permanent Location | Current Location | Total Checkouts | Full call number | Barcode | Date last seen | Date last checked out | Price effective from | Koha item type | Source of classification or shelving scheme | Shelving location | Date acquired |
|---|---|---|---|---|---|---|---|---|---|---|---|---|---|---|---|
| Central Library (CL) | Central Library (CL) | 1 | MIT-5 MAR | SEECSP00422 | 02/18/2020 | 02/16/2020 | 11/14/2012 | Project Report | |||||||
| Central Library (CL) | Central Library (CL) | 004MIT-5 | CL-T-4041 | 02/18/2020 | 11/11/2019 | Thesis | Thesis | 11/11/2019 |
